000
00339nam a2200145Ia 4500
008
240830s1984 xx 000 0 und d
041
_a
eng
082
_a
0 JOG
100
_a
JOGALEKAR V.D.
245
_a
VISH VIDNYAN
260
_b
M.V.GRANTH MANDAL , NAGPUR
_c
1984
650
_a
AGAD-TANTRA
906
_a
N.D.
999
_c
1194122
_d
1194122